| 000 | 00949nam a2200289 i 4500 | ||
|---|---|---|---|
| 001 | 36330 | ||
| 003 | ES-MaACL | ||
| 005 | 20231113191618.0 | ||
| 007 | t| | ||
| 008 | 030218s1971 sp |||| |dspa d | ||
| 080 | _a821.112.2.09"17/18" | ||
| 100 | 1 |
_aBrion, Marcel. _931767 |
|
| 245 | 1 | 3 |
_aLa Alemania romántica _b: Heinrich von Kleist, Ludwig Tieck / _cMarcel Brion ; [traducción de Fernando Santos Fontela]. |
| 250 | _a1ª ed. | ||
| 260 |
_aBarcelona : _bBarral, _c1971. |
||
| 300 |
_a167 p. ; _c20 cm. |
||
| 490 | 1 |
_aBreve biblioteca de respuesta ; _v14 |
|
| 500 | _aÍndice. | ||
| 504 | _aReferencias bibliográficas. | ||
| 600 | 1 | 4 |
_aKleist, Heinrich von. _968238 |
| 600 | 1 | 4 |
_aTieck, Ludwig. _9110224 |
| 650 | 4 |
_aRomanticismo- _zAlemania. _916944 |
|
| 700 | 1 |
_aSantos Fontenla, Fernando. _9103502 |
|
| 830 | 0 |
_aBreve biblioteca de respuesta _v14 _9183536 |
|
| 852 |
_aES-MaACL _jC-49521 |
||
| 999 |
_c36330 _d36330 |
||